Obálka
Pro půjčování e-knih musíte být přihlášeni.
Jak si půjčit online?

Ledoborec /

Z ledových hlubin se dere temnota. Druhý díl atmosférické detektivní série.

Uloženo v:
Série:August Strindberg, část 2
Hlavní autor: Ohlsson, Kristina, 1979- (Autor)
Další autoři: Nováková, Vendula, 1981- (Autor)
Médium: E-audiokniha
Jazyk:Czech
Vydáno: Praha : Kniha Zlin, 2023
Vydání:Vydání první
Edice:Thrill
Témata:
Příbuzné jednotky:Z cyklu:: August Strindberg
Tagy:
Žádné tagy
LEADER 06556nam a2201609 i 4500
001 313188
003 CZ PrSKC
005 20260601215737.0
007 ta
008 230915s2023 xr g 000 f cze
015 |a cnb003548250 
020 |a 9788076625167  |q (vázáno) :  |c Kč 499,00 
035 |a (OCoLC)1408816424 
040 |a ABG001  |b cze  |e rda 
041 1 |a cze  |h swe 
072 7 |a 821.11  |x Germánské literatury  |2 Konspekt 
080 |a 821.113.6-31  |2 MRF 
080 |a (0:82-312.4)  |2 MRF 
100 1 |a Ohlsson, Kristina,  |d 1979-  |7 osa2013754787  |4 aut 
240 1 0 |a Isbrytare.  |l Česky 
245 1 0 |a Ledoborec /  |c Kristina Ohlssonová ; přeložila Vendula Nováková 
250 |a Vydání první 
264 1 |a Praha :  |b Kniha Zlin,  |c 2023 
300 |a 509 stran ;  |c 21 cm 
336 |a text  |b txt  |2 rdacontent 
337 |a bez média  |b n  |2 rdamedia 
338 |a svazek  |b nc  |2 rdacarrier 
490 1 |a Thrill 
500 |a Přeloženo ze švédštiny 
520 2 |a Z ledových hlubin se dere temnota. Druhý díl atmosférické detektivní série.  |b Do ospalé přímořské vesničky Hovenäset přišla bílá zima. August Strindberg je šťastnější než kdy dřív: jeho vetešnictví si vede skvěle, a navíc je čerstvě zamilovaný. Během mrazivé lednové noci však jeho idylou otřese požár, který zničí dvě chatky u moře. Jedna patřila Augustovi a druhá místnímu starousedlíkovi Axelovi. Inspektorka Maria Martinssonová se pouští do vyšetřování, které se záhy rozšíří o vraždu. Někdo skrývá smrtící tajemství... a nebezpečí hrozí Augustovi i Marii. Nakladatelská anotace. 
655 7 |a švédské romány  |7 fd133923  |2 czenas 
655 7 |a detektivní romány  |7 fd132010  |2 czenas 
655 7 |a thrillery (romány)  |7 fd184206  |2 czenas 
655 9 |a Swedish fiction  |2 eczenas 
655 9 |a detective novels  |2 eczenas 
655 9 |a thrillers (novels)  |2 eczenas 
700 1 |a Nováková, Vendula,  |d 1981-  |7 xx0174336  |4 trl 
787 0 8 |i Z cyklu:  |t August Strindberg  |g 2 
830 0 |a Thrill 
900 |a ABA001  |b 21 
928 9 |a Albatros Media - Kniha Zlin 
044 |a xr 
505 0 0 |t Ledoborec (6 min., 5 sek.) 
505 0 0 |t Ledoborec (28 min., 15 sek.) 
505 0 0 |t Ledoborec (11 min., 59 sek.) 
505 0 0 |t Ledoborec (13 min., 58 sek.) 
505 0 0 |t Ledoborec (13 min., 43 sek.) 
505 0 0 |t Ledoborec (8 min., 47 sek.) 
505 0 0 |t Ledoborec (3 min., 15 sek.) 
505 0 0 |t Ledoborec (14 min., 51 sek.) 
505 0 0 |t Ledoborec (11 min., 23 sek.) 
505 0 0 |t Ledoborec (6 min., 11 sek.) 
505 0 0 |t Ledoborec (10 min., 57 sek.) 
505 0 0 |t Ledoborec (18 min., 30 sek.) 
505 0 0 |t Ledoborec (14 min., 3 sek.) 
505 0 0 |t Ledoborec (8 min., 45 sek.) 
505 0 0 |t Ledoborec (12 min., 58 sek.) 
505 0 0 |t Ledoborec (11 min., 49 sek.) 
505 0 0 |t Ledoborec (12 min., 1 sek.) 
505 0 0 |t Ledoborec (5 min., 31 sek.) 
505 0 0 |t Ledoborec (10 min., 34 sek.) 
505 0 0 |t Ledoborec (2 min., 55 sek.) 
505 0 0 |t Ledoborec (10 min., 57 sek.) 
505 0 0 |t Ledoborec (12 min., 54 sek.) 
505 0 0 |t Ledoborec (9 min., 31 sek.) 
505 0 0 |t Ledoborec (18 min., 51 sek.) 
505 0 0 |t Ledoborec (12 min., 39 sek.) 
505 0 0 |t Ledoborec (10 min., 42 sek.) 
505 0 0 |t Ledoborec (15 min., 7 sek.) 
505 0 0 |t Ledoborec (12 min., 33 sek.) 
505 0 0 |t Ledoborec (3 min., 31 sek.) 
505 0 0 |t Ledoborec (8 min., 55 sek.) 
505 0 0 |t Ledoborec (6 min., 38 sek.) 
505 0 0 |t Ledoborec (9 min., 41 sek.) 
505 0 0 |t Ledoborec (12 min., 42 sek.) 
505 0 0 |t Ledoborec (8 min., 17 sek.) 
505 0 0 |t Ledoborec (11 min., 19 sek.) 
505 0 0 |t Ledoborec (7 min., 49 sek.) 
505 0 0 |t Ledoborec (17 min., 29 sek.) 
505 0 0 |t Ledoborec (10 min., 18 sek.) 
505 0 0 |t Ledoborec (8 min., 27 sek.) 
505 0 0 |t Ledoborec (6 min., 27 sek.) 
505 0 0 |t Ledoborec (2 min., 50 sek.) 
505 0 0 |t Ledoborec (13 min., 5 sek.) 
505 0 0 |t Ledoborec (13 min., 20 sek.) 
505 0 0 |t Ledoborec (18 min., 41 sek.) 
505 0 0 |t Ledoborec (13 min., 28 sek.) 
505 0 0 |t Ledoborec (6 min., 24 sek.) 
505 0 0 |t Ledoborec (13 min., 56 sek.) 
505 0 0 |t Ledoborec (13 min., 53 sek.) 
505 0 0 |t Ledoborec (8 min., 6 sek.) 
505 0 0 |t Ledoborec (18 min., 29 sek.) 
505 0 0 |t Ledoborec (2 min., 4 sek.) 
505 0 0 |t Ledoborec (15 min., 15 sek.) 
505 0 0 |t Ledoborec (7 min., 45 sek.) 
505 0 0 |t Ledoborec (8 min., 0 sek.) 
505 0 0 |t Ledoborec (6 min., 48 sek.) 
505 0 0 |t Ledoborec (7 min., 54 sek.) 
505 0 0 |t Ledoborec (9 min., 58 sek.) 
505 0 0 |t Ledoborec (12 min., 17 sek.) 
505 0 0 |t Ledoborec (10 min., 18 sek.) 
505 0 0 |t Ledoborec (18 min., 32 sek.) 
505 0 0 |t Ledoborec (9 min., 24 sek.) 
505 0 0 |t Ledoborec (14 min., 45 sek.) 
505 0 0 |t Ledoborec (2 min., 29 sek.) 
505 0 0 |t Ledoborec (11 min., 3 sek.) 
505 0 0 |t Ledoborec (12 min., 9 sek.) 
505 0 0 |t Ledoborec (6 min., 55 sek.) 
505 0 0 |t Ledoborec (7 min., 56 sek.) 
505 0 0 |t Ledoborec (9 min., 10 sek.) 
505 0 0 |t Ledoborec (11 min., 34 sek.) 
505 0 0 |t Ledoborec (14 min., 53 sek.) 
505 0 0 |t Ledoborec (10 min., 27 sek.) 
505 0 0 |t Ledoborec (10 min., 45 sek.) 
505 0 0 |t Ledoborec (10 min., 51 sek.) 
505 0 0 |t Ledoborec (1 min., 48 sek.) 
505 0 0 |t Ledoborec (10 min., 54 sek.) 
505 0 0 |t Ledoborec (15 min., 27 sek.) 
505 0 0 |t Ledoborec (10 min., 1 sek.) 
505 0 0 |t Ledoborec (10 min., 53 sek.) 
505 0 0 |t Ledoborec (15 min., 34 sek.) 
505 0 0 |t Ledoborec (10 min., 46 sek.) 
505 0 0 |t Ledoborec (8 min., 58 sek.) 
505 0 0 |t Ledoborec (12 min., 7 sek.) 
505 0 0 |t Ledoborec (10 min., 12 sek.) 
505 0 0 |t Ledoborec (13 min., 17 sek.) 
505 0 0 |t Ledoborec (8 min., 39 sek.) 
505 0 0 |t Ledoborec (4 min., 5 sek.) 
505 0 0 |t Ledoborec (2 min., 11 sek.) 
505 0 0 |t Ledoborec (12 min., 1 sek.) 
505 0 0 |t Ledoborec (12 min., 29 sek.) 
505 0 0 |t Ledoborec (4 min., 49 sek.) 
505 0 0 |t Ledoborec (7 min., 35 sek.) 
505 0 0 |t Ledoborec (3 min., 36 sek.) 
910 |a RBIT002 
998 |d 391178  |a https://core.palmknihy.cz/api/books/391178/cover?s3uho2  |b https://core.palmknihy.cz/api/books/391178/cover/400?s3uho2  |c https://core.palmknihy.cz/api/books/391178/cover/50?s3uho2  |e 2026-09-17  |i 9788076625167  |l 58200  |q 49  |r 1  |s https://www.palmknihy.cz/kniha/391178  |t audiobook  |y 2023  |z 0 
999 |d 313186